[Event "Politiken Cup"]
[Site "Copenhagen"]
[Date "1981.??.??"]
[Round "9"]
[White "Mortensen, Erling"]
[Black "Radulov, Ivan"]
[Result "1/2-1/2"]
[WhiteElo "2375"]
[BlackElo "2450"]

1.e4 c5 2.Nf3 Nc6 3.Nc3 d6 4.d4 cxd4 5.Nxd4 Nf6 6.Bc4 e6 7.Bb3 Be7 8.Be3 O-O
9.O-O a6 10.f4 Qc7 11.f5 Nxd4 12.Bxd4 b5 13.fxe6 Bxe6 14.Qd3 Rae8 15.Kh1 Nd7
16.a4 bxa4 17.Rxa4 Bf6 18.Bxf6 Nxf6 19.Nd5 Nxd5 20.exd5 Bc8 21.Raf4 f5 22.Ba4 Re5
23.c4 g5  1/2-1/2

[Event "DDR-ch 30th"]
[Site "Fuerstenwalde"]
[Date "1981.??.??"]
[Round "2"]
[White "Tischbierek, Raj"]
[Black "Gauglitz, Gernot"]
[Result "0-1"]
[WhiteElo "2380"]
[BlackElo "2235"]

1.e4 c5 2.Nf3 Nc6 3.Nc3 e6 4.Bb5 Nd4 5.Nxd4 cxd4 6.Ne2 Nf6 7.Ng3 h5 8.e5 Ng4
9.f4 Qh4 10.Qf3 Nxh2 11.Qf2 d3 12.Bxd3 g5 13.fxg5 Bg7 14.g6 Bxe5 15.gxf7+ Kf8
16.Ne4 Nf3+ 17.Ke2 Nd4+ 18.Ke3 Qxh1 19.b3 d6 20.Ba3 Qxa1 21.Nxd6 Nxc2+  0-1

[Event "DSV-Turnier"]
[Site "Halle"]
[Date "1981.??.??"]
[Round "5"]
[White "Vogt, Lothar"]
[Black "Pavlov, Mircea"]
[Result "1-0"]
[WhiteElo "2455"]
[BlackElo "2415"]

1.e4 c5 2.Nc3 Nc6 3.Nge2 d6 4.d4 cxd4 5.Nxd4 Nf6 6.Bg5 e6 7.Qd2 a6 8.O-O-O Bd7
9.f4 b5 10.Bxf6 gxf6 11.Nxc6 Bxc6 12.Bd3 Qb6 13.Kb1 Qc5 14.f5 h5 15.fxe6 fxe6
16.Rhf1 Be7 17.Ne2 Kd7 18.Nf4 Rhg8 19.e5 fxe5 20.Nxe6 Kxe6 21.Bf5+ Kf7 22.b4 Qd4
23.Qxd4 exd4 24.Be4+ Kg7 25.Bxc6 Rac8 26.Bf3 Bf6 27.Bxh5 Rc4 28.a3 Rgc8 29.Rd3 Be5
30.Rf7+ Kg8 31.Rf2 R8c7 32.Bf3 Rc3 33.Rxc3 dxc3 34.g4 a5 35.bxa5 Ra7 36.h4 Bg3
37.Re2 Bxh4 38.Re8+ Kf7 39.Ra8 Rxa8 40.Bxa8 Kf6 41.Ka2  1-0

[Event "Keszthely"]
[Site "Keszthely"]
[Date "1981.??.??"]
[Round "4"]
[White "Boensch, Uwe"]
[Black "Szeles, Karoly"]
[Result "1-0"]
[WhiteElo "2455"]
[BlackElo "2285"]

1.e4 c5 2.Nf3 Nc6 3.Nc3 g6 4.Bb5 Bg7 5.O-O Nd4 6.Nxd4 cxd4 7.Ne2 Nf6 8.d3 O-O
9.c3 dxc3 10.bxc3 d6 11.Ba4 Qc7 12.Bb3 d5 13.exd5 Rd8 14.Bf4 Qa5 15.c4 e6
16.dxe6 Bxe6 17.d4 Rac8 18.Rc1 b5 19.c5 Nd5 20.Bg5 Re8 21.h3 a6 22.Re1 h6
23.Qd2 Nb4 24.Be3 Rcd8 25.Bxe6 Rxe6 26.Nf4 Re4 27.c6 Nxc6 28.Rxc6 Qxd2 29.Bxd2 Rxe1+
30.Bxe1 Rxd4 31.g3 Rd1 32.Kf1 Ra1 33.Rxa6 Bc3 34.Nd3 b4 35.Ra4  1-0

[Event "Keszthely"]
[Site "Keszthely"]
[Date "1981.??.??"]
[Round "13"]
[White "Barczay, Laszlo"]
[Black "Mestrovic, Zvonimir"]
[Result "1/2-1/2"]
[WhiteElo "2415"]
[BlackElo "2435"]

1.e4 c5 2.Nf3 Nc6 3.Nc3 d6 4.d4 cxd4 5.Nxd4 Nf6 6.Bg5 Bd7 7.Qd2 Rc8 8.Nxc6 Bxc6
9.Bd3 h6 10.Bxf6 gxf6 11.O-O Qa5 12.Rfe1 h5 13.Rad1 Bh6 14.Qe2 Qg5 15.Nd5 Rg8
16.f4 Qg4 17.Qxg4 Rxg4 18.g3 Rg8 19.Kf2  1/2-1/2

[Event "POL-chT"]
[Site "Lubniewice"]
[Date "1981.??.??"]
[Round "3"]
[White "Lipski, Tadeusz"]
[Black "Brzezicki, J."]
[Result "1-0"]
[WhiteElo "2290"]
[BlackElo "2200"]

1.e4 c5 2.Nf3 Nc6 3.Nc3 Nf6 4.Bb5 a6 5.Bxc6 dxc6 6.h3 Qc7 7.d4 cxd4 8.Qxd4 c5
9.Qd3 e5 10.O-O Be7 11.Be3 Be6 12.Ng5 Bd7 13.f4 h6 14.fxe5 Qxe5 15.Nxf7 Kxf7
16.Qxd7 Rhd8 17.Qf5 Qxf5 18.exf5 c4 19.Rad1 b5 20.Rxd8 Rxd8 21.Rd1 Rxd1+
22.Nxd1 Ne4 23.g4 h5 24.Kg2 hxg4 25.hxg4 g6 26.fxg6+ Kxg6 27.Kf3 Ng5+ 28.Bxg5 Kxg5
29.Nf2 a5 30.Ne4+ Kg6 31.Ke3 Kf7 32.Kd4 Ke6 33.Nc5+ Kd6  1-0

[Event "Moscow-ch"]
[Site "Moscow"]
[Date "1981.??.??"]
[Round "3"]
[White "Suetin, Alexey S"]
[Black "Panchenko, Alexander N"]
[Result "1-0"]
[WhiteElo "2460"]
[BlackElo "2530"]

1.e4 c5 2.Nc3 Nc6 3.Nge2 g6 4.d4 cxd4 5.Nxd4 Bg7 6.Be3 Nf6 7.Bc4 O-O 8.Bb3 d6
9.f3 Bd7 10.Qd2 Rc8 11.h4 h5 12.O-O-O Ne5 13.Bg5 a6 14.Rhe1 Nc4 15.Bxc4 Rxc4
16.e5 dxe5 17.Nb3 Rc7 18.Rxe5 Qe8 19.Bh6 Bc6 20.Bxg7 Kxg7 21.Nd4 Qc8 22.Nxc6 bxc6
23.Ne4 Rd7 24.Qe1 Rxd1+ 25.Qxd1 Rd8 26.Qe1 Qd7 27.Nxf6 exf6 28.Re4 Qd6 29.b3 Qh2
30.Qf2 Qh1+ 31.Re1 Qh2 32.Kb2 Qf4 33.g3 Qd2 34.Re2 Qd1 35.f4 Qd5 36.Qe3 c5
37.Qc3 Rc8 38.Rd2 Qe4 39.Qc4 Qxc4 40.bxc4 Re8 41.Rd5 g5 42.fxg5 Re5 43.Kb3 Re3+
44.c3 Rxg3 45.gxf6+ Kxf6 46.Rxc5 Ke6 47.Rxh5 f5 48.Rh6+ Ke5 49.Rxa6 Rh3 50.Rh6 f4
51.Rh8 f3 52.Rf8 Ke4 53.c5 Kd5 54.Kb4 Kc6 55.Rf6+ Kc7 56.Kb5 Rxh4 57.Rf7+ Kc8
58.Rxf3 Rh2 59.a4 Rb2+ 60.Kc6 Kb8 61.Rf4 Rc2 62.Rb4+ Ka7 63.Rc4 Rh2 64.Rd4 Rh3
65.c4 Ka6 66.Rd6 Ka7 67.Kb5 Rb3+ 68.Ka5 Rc3 69.Rd7+ Kb8 70.Kb4 Rc1 71.c6 Rb1+
72.Kc5 Ra1 73.Rb7+ Kc8 74.Ra7 Kb8 75.c7+ Kc8 76.Kb6 Kd7 77.Ra5  1-0

[Event "Rostock"]
[Site "Rostock"]
[Date "1981.??.??"]
[Round "5"]
[White "Kostyra, Stanislaw"]
[Black "Pietrusiak, Bogdan"]
[Result "1/2-1/2"]
[WhiteElo "2370"]
[BlackElo "2245"]

1.e4 c5 2.Nf3 Nc6 3.Nc3 d6 4.d4 cxd4 5.Nxd4 Nf6 6.Bg5 Bd7 7.Qd2 Rc8 8.f4 h6
9.Bxf6 gxf6 10.O-O-O Nxd4 11.Qxd4 Qa5 12.Kb1 Qc5 13.Qd3 f5 14.exf5 Bxf5 15.Qf3 Bg7
16.Rd5 Qb4 17.Rb5 Rxc3 18.Rxb4 Rxf3 19.gxf3 b6 20.Bb5+ Kd8 21.Ra4 a5 22.Rc4 Be6
23.Re4 Bf6 24.Ree1 Bd5  1/2-1/2

[Event "BUL-ch"]
[Site "Sofia"]
[Date "1981.??.??"]
[Round "4"]
[White "Donchev, Dimitar I"]
[Black "Stefanov, Krasimir"]
[Result "1-0"]
[WhiteElo "2425"]
[BlackElo "2315"]

1.e4 c5 2.Nf3 Nc6 3.Nc3 d6 4.d4 cxd4 5.Nxd4 Nf6 6.f4 e6 7.Be2 a6 8.O-O Qc7
9.Kh1 Be7 10.Be3 Bd7 11.a4 Na5 12.Qd3 Rc8 13.Rae1 Nc4 14.Bc1 Nb6 15.Qg3 g6
16.e5 Nfd5 17.Ne4 Nxa4 18.c4 Nb4 19.exd6 Bxd6 20.Nf6+ Kf8 21.Qh4 h5 22.Qg5 Nc5
23.f5 gxf5 24.Bxh5 Be5 25.Nxf5 exf5 26.Nxd7+ Nxd7 27.Rxf5 Bf6 28.Rxf6 Nxf6
29.Qxf6 Rxh5 30.Bh6+ Rxh6 31.Qxh6+ Kg8 32.Re3 f6 33.Rg3+ Qxg3 34.hxg3 Rxc4
35.Qg6+  1-0

[Event "BUL-ch"]
[Site "Sofia"]
[Date "1981.??.??"]
[Round "6"]
[White "Inkiov, Ventzislav"]
[Black "Lukov, Valentin"]
[Result "1/2-1/2"]
[WhiteElo "2475"]
[BlackElo "2395"]

1.e4 c5 2.Nc3 Nc6 3.Nge2 e5 4.Nd5 Nge7 5.Nec3 Nxd5 6.Nxd5 Be7 7.Bc4 O-O 8.O-O d6
9.d3 Bg5 10.f4 exf4 11.Bxf4 Bxf4 12.Rxf4 Qg5 13.Qd2 Ne5 14.Bb3 Qd8 15.Qf2 Be6
16.Rf1 b5 17.Qe2 Rc8 18.Qh5 Ng6 19.R4f3 c4 20.dxc4 bxc4 21.Ba4 Bxd5 22.Qxd5 Qb6+
23.Kh1 Ne5 24.R3f2 Qxb2 25.Qxd6 Rcd8 26.Qe7 Qb6 27.h3 f6 28.c3 Qd6 29.Qxa7 Ra8
30.Qd4 Qxd4 31.cxd4 Nd3 32.Bc6 Nxf2+ 33.Rxf2 Rac8 34.d5 Rxc6 35.dxc6 Rc8
36.Rc2 Rxc6 37.a4 Kf7 38.a5 Ke6 39.a6 Rxa6 40.Rxc4 h5 41.Kh2 h4 42.e5 fxe5
43.Rxh4 Kd5 44.Rb4 e4 45.Kg3 Rf6 46.Rb7 g6 47.Ra7 e3  1/2-1/2

[Event "BUL-ch"]
[Site "Sofia"]
[Date "1981.??.??"]
[Round "17"]
[White "Inkiov, Ventzislav"]
[Black "Gochev, Mladen"]
[Result "1/2-1/2"]
[WhiteElo "2475"]
[BlackElo "2250"]

1.e4 c5 2.Nc3 Nc6 3.Nge2 Nd4 4.Nxd4 cxd4 5.Ne2 e5 6.c4 dxc3 7.dxc3 Bc5 8.Ng3 d6
9.Bb5+ Kf8 10.Qe2 h5 11.Be3 Bg4 12.f3 Bxe3 13.Qxe3 Be6 14.Nf1 Nf6 15.Nd2 Qc7
16.Ba4 Nd7 17.Bxd7 Bxd7 18.Qd3 Rh6 19.Nf1 Rc8 20.Ne3 Qc4 21.Qd2 Be6 22.a3 b5
23.a4 d5 24.exd5 Bxd5 25.b4 Qxc3 26.Qxc3 Rxc3 27.Nxd5 Rd3 28.Nc7 Rc6 29.Ke2 Rd7
30.Rhc1 Rdxc7 31.Rxc6 Rxc6 32.axb5 Rc7 33.Kd3 f5 34.Ra6 Rb7 35.Kc4 Kf7 36.Rc6 e4
37.fxe4 fxe4 38.Rc5 Re7 39.Rxh5 Kf6 40.Rd5 g6 41.Kc3 e3  1/2-1/2

[Event "URS-FL49"]
[Site "Volgodonsk"]
[Date "1981.??.??"]
[Round "13"]
[White "Gurgenidze, Bukhuti"]
[Black "Gufeld, Eduard"]
[Result "1-0"]
[WhiteElo "2490"]
[BlackElo "2520"]

1.e4 c5 2.Nc3 Nc6 3.Bb5 Nd4 4.Nge2 a6 5.Bd3 Nc6 6.O-O e6 7.Ng3 Nf6 8.Re1 Qc7
9.b3 Bd6 10.Bb2 Be5 11.Rb1 O-O 12.Nh5 Nxh5 13.Qxh5 d6 14.Re3 g6 15.Qh6 Nb4
16.Rh3 f6 17.a3 Nxd3 18.Rxd3 b5 19.Nd1 c4 20.Rh3 Bxb2 21.Nxb2 Bb7 22.Re1 cxb3
23.Rxb3 Rac8 24.c4 Qg7 25.Qh3 Qe7 26.Qd3 Bc6 27.h3 Rfd8 28.cxb5 Bxb5 29.Qe3 e5
30.a4 Be8 31.Rb6 Rb8 32.Rc1 a5 33.Qb3+ Bf7 34.Qb5 Rbc8 35.Rxc8 Rxc8 36.Qxa5 f5
37.exf5 Rc1+ 38.Kh2 Qh4 39.Qa8+ Kg7 40.Qf3 gxf5 41.Rxd6 Qb4 42.Qg3+ Kf8 43.Qxe5  1-0

[Event "DDR-POL-CSR U26"]
[Site "Zinnowitz"]
[Date "1981.??.??"]
[Round "?"]
[White "Tischbierek, Raj"]
[Black "Nun, Jiri"]
[Result "1-0"]
[WhiteElo "2380"]
[BlackElo "2345"]

1.e4 c5 2.Nf3 Nc6 3.Nc3 Nf6 4.Bb5 Nd4 5.e5 Nxb5 6.Nxb5 Nd5 7.Ng5 f6 8.Ne4 Qb6
9.c4 a6 10.cxd5 Qxb5 11.d3 c4 12.Nc3 Qc5 13.d4 Qa5 14.O-O b5 15.exf6 gxf6
16.Qh5+ Kd8 17.d6 Bb7 18.Qf7 b4 19.Re1 bxc3 20.dxe7+ Bxe7 21.Qxe7+ Kc8 22.Qxf6 Rg8
23.Re5 cxb2 24.Bxb2 Rxg2+ 25.Kf1 Qd2 26.Re8+ Kc7 27.Qe5+ d6 28.Re7+  1-0

[Event "Baile Herculane zt"]
[Site "Baile Herculane"]
[Date "1982.??.??"]
[Round "7"]
[White "Jansa, Vlastimil"]
[Black "Pavlov, Mircea"]
[Result "0-1"]
[WhiteElo "2475"]
[BlackElo "2405"]

1.e4 c5 2.Nc3 Nc6 3.Nge2 g6 4.d4 cxd4 5.Nxd4 Bg7 6.Nde2 Nf6 7.g3 d6 8.Bg2 Rb8
9.a4 a6 10.O-O b5 11.axb5 axb5 12.Nd5 O-O 13.Bg5 Nd7 14.Qc1 Nc5 15.b4 Bxa1
16.Qxa1 Ne6 17.Bh6 Re8 18.f4 f6 19.f5 Nc7 20.fxg6 hxg6 21.Rxf6 exf6 22.Nxf6+ Kf7
23.Nxe8 Kxe8 24.Qh8+ Kd7 25.Bh3+ Ne6 26.Bxe6+ Kxe6 27.Nd4+ Kd7 28.Qg7+ Ne7
29.Bg5 Rb6 30.Qf6 d5 31.Qe5 dxe4 32.Nb3 Re6 33.Qxb5+ Rc6 34.Nc5+ Ke8 35.Bxe7 Qd1+
36.Kf2 Qf3+ 37.Ke1 Qe3+  0-1

[Event "Baile Herculane zt"]
[Site "Baile Herculane"]
[Date "1982.??.??"]
[Round "14"]
[White "Inkiov, Ventzislav"]
[Black "Pavlov, Mircea"]
[Result "1/2-1/2"]
[WhiteElo "2495"]
[BlackElo "2405"]

1.e4 c5 2.Nc3 Nc6 3.Nge2 g6 4.d4 cxd4 5.Nxd4 Bg7 6.Be3 Nf6 7.Bc4 O-O 8.Bb3 d6
9.h3 Bd7 10.O-O a6 11.f4 b5 12.Re1 Rc8 13.a3 Nxd4 14.Bxd4 Bc6 15.Nd5 e6 16.Nxf6+ Bxf6
17.f5 exf5 18.exf5 Bxd4+ 19.Qxd4 Qg5 20.Re2 Qxf5 21.Qxd6 Rfd8 22.Qg3 Qc5+
23.Kh1 Bd5 24.Rf1 Bxb3 25.Qxb3 Rd7 26.c3 Kg7 27.Ref2 Qc4 28.Qxc4 bxc4 29.Re2 Rc6
30.Rf4 f5 31.Kh2 Rb7 32.Rd4 Kf6 33.Red2 Ke5 34.Kg3 Rb5 35.Rd7 Rcb6 36.Re2+ Kf6
37.Rxh7 Rxb2 38.Ree7 Re6 39.Rhf7+ Ke5 40.Rxe6+ Kxe6 41.Rg7 Rc2 42.Rxg6+ Ke5
43.Rxa6 f4+ 44.Kf3 Rxc3+ 45.Kf2 Rc2+ 46.Kf3 Rc3+ 47.Kf2 Rc2+ 48.Kf3  1/2-1/2

[Event "Biel"]
[Site "Biel"]
[Date "1982.??.??"]
[Round "1"]
[White "Gobet, Fernand"]
[Black "Hort, Vlastimil"]
[Result "1-0"]
[WhiteElo "2200"]
[BlackElo "2600"]

1.e4 c5 2.Nf3 Nc6 3.Nc3 d6 4.d4 cxd4 5.Nxd4 Nf6 6.Bc4 Qb6 7.Ndb5 a6 8.Be3 Qa5
9.Nd4 e6 10.O-O Be7 11.Bb3 O-O 12.f4 Nxd4 13.Bxd4 e5 14.fxe5 dxe5 15.Be3 Ng4
16.Qd5 Qxd5 17.Nxd5 Bd6 18.Bb6 Be6 19.Rad1 Rac8 20.h3 Rc6 21.hxg4 Bxd5 22.Rxd5 Rxb6
23.Rfd1 Bb8 24.Rd7 Ba7 25.Kh2 Rh6+ 26.Kg3 Rf6 27.g5 Rf4 28.Kh3 g6 29.g3 Rf2
30.Rxb7 Bd4 31.c3 Be3 32.Kg4 Kg7 33.Rdd7 h5+ 34.gxh6+ Bxh6 35.Bd5 Bd2 36.c4 Be1
37.c5 Rg2 38.Rb3 Kh6 39.Rxf7  1-0

[Event "Biel"]
[Site "Biel"]
[Date "1982.??.??"]
[Round "4"]
[White "Gobet, Fernand"]
[Black "Birnboim, Nathan"]
[Result "1-0"]
[WhiteElo "2200"]
[BlackElo "2445"]

1.e4 c5 2.Nf3 Nc6 3.Nc3 g6 4.d4 cxd4 5.Nxd4 Bg7 6.Be3 Nf6 7.Bc4 O-O 8.Bb3 d6
9.h3 a5 10.a4 Nd7 11.Bxf7+ Rxf7 12.Ne6 Qe8 13.Nc7 Qd8 14.Nxa8 b6 15.Nb5 Nc5
16.O-O Be6 17.Nac7 Bc4 18.Re1 Bxb2 19.Bxc5 bxc5 20.Rb1 Be5 21.Nd5 Ba2 22.Ra1 Bxa1
23.Qxa1 Bxd5 24.exd5 Ne5 25.Qc3 Rf4 26.Na7 Qf8 27.Nc6 Rxa4 28.Rxe5 dxe5 29.d6 exd6
30.Qb3+ Kg7 31.Qxa4 Qe8 32.Qe4 a4 33.Qxa4 Kf6 34.Qh4+ Ke6 35.Qc4+ Kd7 36.Qb5 Kc7
37.Qa5+ Kd7 38.Qa7+ Ke6 39.Qc7 Qa8 40.c4 Qa1+ 41.Kh2 Qd1  1-0

[Event "Elekes mem-B"]
[Site "Budapest"]
[Date "1982.??.??"]
[Round "?"]
[White "Paoli, Enrico"]
[Black "Vegh, Endre"]
[Result "0-1"]
[WhiteElo "2220"]
[BlackElo "2225"]

1.e4 c5 2.Nc3 Nc6 3.Nge2 g6 4.d4 cxd4 5.Nxd4 Bg7 6.Be3 Nf6 7.h3 O-O 8.Bc4 Nxe4
9.Bxf7+ Rxf7 10.Nxe4 Qa5+ 11.c3 Qd5 12.f3 b6 13.Nxc6 Qxc6 14.Qd3 d5 15.Ng5 Rf8
16.h4 h6 17.Nh3 e5 18.Nf2 Bf5 19.Qd2 Kh7 20.O-O Rad8 21.Nh1 d4 22.cxd4 exd4
23.Bf2 Qc2 24.Rfd1 d3 25.Rab1 Be6 26.Ng3 Bxa2 27.Rbc1 Qxb2 28.Qxb2 Bxb2 29.Rc7+ Rf7
30.Rxf7+ Bxf7 31.Ne4 Bb3  0-1

[Event "Caorle op"]
[Site "Caorle"]
[Date "1982.??.??"]
[Round "4"]
[White "Zorman, Vojko"]
[Black "Paniagua, Roberto"]
[Result "1-0"]
[WhiteElo "2200"]
[BlackElo "2250"]

1.e4 c5 2.Nf3 Nc6 3.Nc3 Nf6 4.d3 d6 5.Be2 Rb8 6.O-O b5 7.a3 a5 8.Bg5 Nd4
9.Nxd4 cxd4 10.Nd5 Nxd5 11.exd5 Qc7 12.Bf3 h6 13.Bh4 g5 14.Bg3 Bg7 15.h4 Bf6
16.hxg5 hxg5 17.Bg4 Bb7 18.Bf3 Kf8 19.Qd2 Bc8 20.Be4 e5 21.dxe6 fxe6 22.c3 dxc3
23.bxc3 Rb6 24.d4 e5 25.dxe5 dxe5 26.Rad1 Be7 27.Rfe1 Rbh6 28.Kf1 Qc4+ 29.Qd3 Rh1+
30.Ke2 Qa2+ 31.Rd2 Rxe1+ 32.Kxe1 Rh1+ 33.Ke2 Qa1 34.Qf3+ Kg8 35.Rd8+ Bxd8
36.Bd5+ Kh7 37.Qf7+ Kh6 38.Qf8+ Kg6 39.Be4+ Kh5 40.Qf7+  1-0

[Event "Caorle op"]
[Site "Caorle"]
[Date "1982.??.??"]
[Round "7"]
[White "Zorman, Vojko"]
[Black "Ceschia, Ivano"]
[Result "1/2-1/2"]
[WhiteElo "2200"]
[BlackElo "2240"]

1.e4 c5 2.Nf3 Nc6 3.Nc3 d6 4.Be2 g6 5.O-O Bg7 6.a3 Nf6 7.Rb1 Nd4 8.b4 cxb4
9.axb4 Nxe2+ 10.Qxe2 O-O 11.d3 Nh5 12.Nd5 e6 13.Ne3 d5 14.Ng4 dxe4 15.dxe4 Qc7
16.Bb2 Bd7 17.Bxg7 Kxg7 18.e5 Bc6 19.Qe3 Bxf3 20.Qxf3 Qxc2 21.Ne3 Qc6 22.Qg4 Rac8
23.b5 Qc5 24.Qe4 Rc7  1/2-1/2

[Event "Politiken Cup"]
[Site "Copenhagen"]
[Date "1982.??.??"]
[Round "10"]
[White "Kovacs, Lajos"]
[Black "Kirov, Nino"]
[Result "1-0"]
[WhiteElo "2340"]
[BlackElo "2430"]

1.e4 c5 2.Nf3 Nc6 3.Nc3 a6 4.d4 cxd4 5.Nxd4 e6 6.Be3 Qc7 7.Be2 Nf6 8.O-O Bb4
9.Nxc6 bxc6 10.Na4 O-O 11.f4 Be7 12.Bd3 c5 13.c4 d6 14.Nc3 Bb7 15.Qf3 g6
16.f5 exf5 17.Nd5 Bxd5 18.exd5 Ng4 19.Bf4 Kh8 20.Qg3 Qd8 21.Be2 Bh4 22.Qa3 Re8
23.Bxg4 fxg4 24.b4 Bf6 25.Rae1 Bd4+ 26.Kh1 Qb6 27.bxc5 Qxc5 28.Rxe8+ Rxe8
29.Qxa6 Be5 30.Bh6 Rb8 31.Bc1 Qd4 32.Qa4 f5 33.Qc2 g3 34.Rd1 Qh4 35.h3 Rb4
36.c5 Rc4 37.Qb3 Rxc5 38.Qb8+ Kg7 39.Be3 Rc3 40.Rb1 Rxe3 41.Qa7+ Kf6 42.Qxe3 Qe4
43.Qxe4 fxe4 44.Kg1 Bd4+ 45.Kf1 Ke5 46.a4 Kxd5 47.a5  1-0

[Event "Gausdal Int"]
[Site "Gausdal"]
[Date "1982.??.??"]
[Round "3"]
[White "Ciric, Dragoljub M"]
[Black "Orseth, Dag S"]
[Result "1/2-1/2"]
[WhiteElo "2405"]
[BlackElo "2280"]

1.e4 c5 2.Nf3 Nc6 3.Nc3 g6 4.d4 cxd4 5.Nxd4 Bg7 6.Be3 Nf6 7.Bc4 O-O 8.Bb3 d6
9.h3 Nxd4 10.Bxd4 b5 11.O-O Bb7 12.Qd3 a5 13.Nd5 e6 14.Nxf6+ Bxf6 15.a4 bxa4
16.Rxa4 Bc6 17.Raa1 Bxd4 18.Qxd4 Qb8 19.Rfe1 Rd8 20.Qf6 Rd7 21.h4 a4 22.Bc4 d5
23.exd5 Bxd5 24.Bd3 Qd8 25.Qxd8+ Rdxd8 26.Bb5 Bb7 27.Rxa4 Rxa4 28.Bxa4 Rd4
29.b3 Rxh4 30.f3 Rd4 31.c4 Ba6 32.Re5 Bxc4 33.bxc4 Rxc4 34.Bb5 Rb4 35.Rc5 Kg7
36.g4 h6 37.Kf2 Kf6 38.Ke3 g5 39.Bd3 h5 40.gxh5 Rh4 41.Rc7 Rxh5 42.Bb5 Rh8
43.Bc6 Rd8 44.Ke4 Rh8 45.Kd4 Rh4+ 46.Kc5 Rf4 47.Ra7 g4 48.fxg4 Rxg4 49.Be8 Rg7
50.Kd6 Rh7 51.Ra2 Rh5 52.Bc6 Rf5 53.Kd7 Rh5 54.Be4 Rh4  1/2-1/2

[Event "Jarvenpaa"]
[Site "Jarvenpaa"]
[Date "1982.??.??"]
[Round "4"]
[White "Rantanen, Yrjo A"]
[Black "Maki, Veijo"]
[Result "1/2-1/2"]
[WhiteElo "2420"]
[BlackElo "2315"]

1.e4 c5 2.Nf3 Nc6 3.Nc3 g6 4.d4 cxd4 5.Nxd4 Bg7 6.Be3 Nf6 7.Be2 O-O 8.O-O d5
9.exd5 Nxd5 10.Nxd5 Nxd4 11.Bxd4 Qxd5 12.Bxg7 Qxd1 13.Rfxd1 Kxg7 14.Bf3 Be6
15.b3 Rac8 16.c4 Rc7 17.Kf1 Rb8 18.Ke1 b5 19.cxb5 Rxb5 20.Rac1 Rbc5 21.Rxc5 Rxc5
22.Rd4 Ra5 23.Rd2 g5 24.h3 f5 25.Kd1 Kf6 26.Kc1 g4 27.hxg4 fxg4 28.Ba8 h5
29.g3 Re5  1/2-1/2

[Event "NOR-ch"]
[Site "Lillehammer"]
[Date "1982.??.??"]
[Round "8"]
[White "Moen, Ole Christian"]
[Black "Bjerke, Richard"]
[Result "1-0"]
[WhiteElo "2325"]
[BlackElo "2255"]

1.e4 c5 2.Nc3 Nc6 3.Nf3 d6 4.d4 cxd4 5.Nxd4 Nf6 6.Bg5 e6 7.Qd2 a6 8.O-O-O Bd7
9.f3 b5 10.Nxc6 Bxc6 11.Ne2 Rc8 12.Kb1 Qc7 13.Nd4 Nd7 14.c4 bxc4 15.Bxc4 Nc5
16.Rc1 Qb7 17.Nxc6 Qxc6 18.b4 Qb7 19.Ka1 Nd7 20.Qd3 Qxb4 21.Bb5 Rc5 22.Bxd7+ Kxd7
23.Bd2 Qb5 24.Qd4 e5 25.Qe3 Be7 26.Rb1 Qc6 27.Rhc1 Rc8 28.Rxc5 Qxc5 29.Rb7+ Rc7
30.Qb3 Qd4+ 31.Bc3 Qg1+ 32.Kb2 Qxg2+ 33.Ka3 Kc8 34.Rxc7+ Kxc7 35.Ba5+ Kd7
36.Qb7+ Ke6 37.Qc8+  1-0

[Event "Lloyds Bank op"]
[Site "London"]
[Date "1982.??.??"]
[Round "5"]
[White "McKay, Roderick M"]
[Black "Cramling, Pia"]
[Result "0-1"]
[WhiteElo "2320"]
[BlackElo "2260"]

1.e4 c5 2.Nc3 Nc6 3.Nf3 g6 4.Bb5 Bg7 5.O-O Nf6 6.h3 O-O 7.e5 Ne8 8.Bxc6 dxc6
9.d3 Nc7 10.Be3 Ne6 11.Ne4 Nd4 12.Nxc5 Nxf3+ 13.Qxf3 Bxe5 14.d4 Bg7 15.c4 Qe8
16.Rfe1 b6 17.Nb3 Ba6 18.Rac1 Qd7 19.Red1 Bb7 20.Qg3 Rac8 21.Qh4 Rfe8 22.Nd2 c5
23.dxc5 Qc6 24.Nf3 Bxb2 25.Rb1 Bf6 26.Qh6 bxc5 27.Rd5 Bg7 28.Qf4 Qa6 29.Rxc5 Rxc5
30.Bxc5 e5 31.Qd2 e4 32.Ng5 Qxc4 33.h4 h6 34.Nh3 Qxc5 35.Rxb7 Qc4 36.Qd7 Rf8
37.Rxa7 Rb8 38.g3  0-1

[Event "Luzern ol (Men)"]
[Site "Luzern"]
[Date "1982.??.??"]
[Round "2"]
[White "Gruenfeld, Yehuda"]
[Black "Trepp, Markus"]
[Result "1/2-1/2"]
[WhiteElo "2480"]
[BlackElo "2220"]

1.e4 c5 2.Nf3 Nc6 3.Nc3 d6 4.d4 cxd4 5.Nxd4 Nf6 6.Bg5 e6 7.Qd2 a6 8.O-O-O h6
9.Be3 Bd7 10.f3 b5 11.g4 Qc7 12.Rg1 Nxd4 13.Bxd4 b4 14.Ne2 e5 15.Bf2 Rb8
16.Kb1 Be6 17.h4 g6 18.Nc1 a5 19.b3 Be7 20.Be2 a4 21.bxa4 Qa5 22.Bb5+ Rxb5
23.axb5 O-O 24.Nb3 Qa4 25.Qc1 Ra8 26.Qb2 Qxb5 27.Rd2 Nd7 28.Rgd1 Nc5 29.Bxc5 dxc5
30.Qxe5 Qa4 31.c4 bxc3 32.Qxc3 Rb8 33.Kc1 Bxh4 34.Nxc5 Qc6 35.Rd6 Qb5 36.Nxe6 Qb1+
37.Kd2 Qxa2+ 38.Qc2 Rb2 39.Nd4 Rxc2+ 40.Nxc2 Bg5+ 41.Kc3 Qa5+ 42.Kc4 Qa2+
43.Kc3 Qa5+ 44.Kc4 Qc7+ 45.Kb3 h5 46.gxh5 gxh5 47.R1d5 Be7 48.Rd7 Qb6+ 49.Kc4 Qa6+
50.Kb3 Qb6+ 51.Kc4 Qa6+ 52.Kb3  1/2-1/2

[Event "Luzern ol (Men)"]
[Site "Luzern"]
[Date "1982.??.??"]
[Round "4"]
[White "Fernandez Garcia, Jose L"]
[Black "Sel, Cetin"]
[Result "1-0"]
[WhiteElo "2400"]
[BlackElo "2200"]

1.e4 c5 2.Nc3 Nc6 3.Nf3 e6 4.Bb5 Nd4 5.O-O a6 6.Bd3 d6 7.Nxd4 cxd4 8.Ne2 e5
9.c3 dxc3 10.dxc3 Be6 11.c4 Qc7 12.Nc3 Nf6 13.Bg5 Be7 14.Rc1 h6 15.Nd5 Bxd5
16.cxd5 Qd7 17.Be3 O-O 18.a4 Ng4 19.Bd2 Bg5 20.Bxg5 hxg5 21.a5 Rac8 22.Qd2 f6
23.b4 Rxc1 24.Rxc1 Rc8 25.Rc2 Nh6 26.Qc1 Rxc2 27.Qxc2 Nf7 28.h3 g6 29.Qb3 Qc7
30.Qc4 Qxc4 31.Bxc4 Nd8 32.Bxa6  1-0

[Event "Luzern ol (Men)"]
[Site "Luzern"]
[Date "1982.??.??"]
[Round "5"]
[White "Fernandez Garcia, Jose L"]
[Black "Zadrima, Aldo"]
[Result "1-0"]
[WhiteElo "2400"]
[BlackElo "2210"]

1.e4 c5 2.Nf3 Nc6 3.Nc3 Nf6 4.Bb5 Nd4 5.e5 Ng8 6.O-O e6 7.Nxd4 cxd4 8.Ne2 Qb6
9.a4 a6 10.Bd3 d6 11.a5 Qc5 12.exd6 Bxd6 13.b3 Nf6 14.f4 O-O 15.Ba3 Qc7 16.Bxd6 Qxd6
17.Ra4 e5 18.fxe5 Qxe5 19.Qa1 Ng4 20.Ng3 Bd7 21.Rxd4 Rad8 22.Bf5 Bxf5 23.Rxd8 Rxd8
24.Qxe5 Nxe5 25.Rxf5 f6 26.Ne4 Rd5 27.Rxf6 Rxd2 28.Nxd2 gxf6 29.Ne4 Nc6 30.Nxf6+ Kg7
31.Ne4 Nxa5 32.Kf2 Nc6 33.Ke3 b5 34.c3 Kg6 35.b4 Kf5 36.h3 h5 37.g3 Ke5 38.Nc5 a5
39.bxa5 Nxa5 40.Nd3+ Kf5 41.Kd4 Nb3+ 42.Kd5 Nd2 43.Nf2 Nf1 44.Ne4 Ne3+ 45.Kd4 Nc2+
46.Kd3 Ne1+ 47.Ke3 Nc2+ 48.Kd2 Na3 49.Kd3 Ke5 50.Nd2 Kd5 51.Nf1 Kd6 52.Ke4 Nb1
53.Kd4 Na3 54.Ne3 Ke6 55.Ke4 Nb1 56.Kd3 Na3 57.Kd4 Kf6 58.Ke4 Kg5 59.Kd3 Kf6
60.Kd2 Ke5 61.Kc1 Ke4 62.Kb2 b4 63.cxb4 Nb5 64.Nf1 Kd3 65.Kb3 Nd6 66.Ka4 Kd4
67.g4 hxg4 68.hxg4 Kd5 69.Nd2 Nf7 70.Nf3 Nh8 71.Ka5 Kc6 72.b5+ Kb7 73.Ne5  1-0

[Event "Luzern ol (Men)"]
[Site "Luzern"]
[Date "1982.??.??"]
[Round "10"]
[White "Salazar, Hernan"]
[Black "Chia Chee Seng"]
[Result "1-0"]
[WhiteElo "2390"]
[BlackElo "2270"]

1.e4 c5 2.Nc3 Nc6 3.Nge2 d6 4.d4 cxd4 5.Nxd4 Nf6 6.Be2 e6 7.O-O Be7 8.Be3 O-O
9.f4 e5 10.fxe5 Nxe5 11.Nf5 Bxf5 12.Rxf5 Qc8 13.Qf1 a6 14.Bg5 Re8 15.Kh1 Nfd7
16.Bxe7 Rxe7 17.Nd5 Re8 18.c3 Rb8 19.Rd1 Qc6 20.Rf4 Nc5 21.Bh5 Qd7 22.b4 Na4
23.Rf5 b5 24.Qf2 Rb7 25.Rd2 Re6 26.Bd1 Qc6 27.Qg3 Ng6 28.Rd4 Nb2 29.Bb3 Re5
30.h4 Kf8 31.h5 Rxf5 32.exf5 Ne5 33.f6 g6 34.Qe3 Nbc4 35.Qh6+ Ke8 36.Qxh7 gxh5
37.Qg8+ Kd7 38.Bc2 Ne3 39.Nxe3 Qxc3 40.Bf5+ Kc6 41.Qc8+ Rc7 42.Qxc7+  1-0

[Event "Luzern ol (Men)"]
[Site "Luzern"]
[Date "1982.??.??"]
[Round "13"]
[White "Smith, Robert W"]
[Black "Gonzales, Eliseo"]
[Result "1/2-1/2"]
[WhiteElo "2225"]
[BlackElo "2260"]

1.e4 c5 2.Nc3 Nc6 3.Nf3 Nf6 4.d4 d5 5.exd5 Nxd5 6.Be2 Nxc3 7.bxc3 e6 8.O-O Be7
9.Bf4 O-O 10.Ne5 Nxe5 11.Bxe5 Bd6 12.f4 Qc7 13.Bd3 g6 14.Qe2 Bd7 15.Be4 cxd4
16.cxd4 Bxe5 17.fxe5 Qc3 18.Rad1 Bb5 19.Qxb5 Qe3+ 20.Kh1 Qxe4 21.c4 Rad8
22.d5 exd5 23.cxd5 Qxe5 24.Qxb7 Qb8 25.Rb1 Qxb7 26.Rxb7 a6 27.Rb6 Rxd5 28.Rxa6 Rfd8
29.Ra7 R5d7 30.Rxd7 Rxd7 31.a4 Ra7 32.Ra1 Ra5 33.Kg1 f5 34.Kf2 Kf7 35.Ke3 Kf6
36.Kd4 g5 37.Kc4 f4 38.Kb4 Ra8 39.a5 g4 40.a6 Ke5  1/2-1/2

[Event "Manila"]
[Site "Manila"]
[Date "1982.??.??"]
[Round "?"]
[White "Balinas, Rosendo Carrean"]
[Black "De Guzman, Ricardo"]
[Result "1-0"]
[WhiteElo "2365"]
[BlackElo "2320"]

1.e4 c5 2.Ne2 Nc6 3.Nbc3 e6 4.g3 Nf6 5.Bg2 a6 6.O-O Be7 7.d4 cxd4 8.Nxd4 Qc7
9.Re1 d6 10.Nxc6 bxc6 11.e5 dxe5 12.Rxe5 Qxe5 13.Bxc6+ Bd7 14.Bxa8 O-O 15.Bf3 a5
16.Bf4 Qc5 17.Be3 Qc8 18.Qd3 Bc6 19.Bxc6 Qxc6 20.Qb5 Qa8 21.Bb6 Bb4 22.Bd4 Qf3
23.Qe2 Qf5 24.Bxf6 Qxf6 25.Na4 Qf5 26.Rd1 h5 27.Rd4 Be7 28.Rf4 Qd5 29.Nc3 Qb7
30.Qb5 Qa8 31.Qxh5 g6 32.Qe2 Rd8 33.Rf3 Qb7 34.b3 Qc7 35.Na4 Kg7 36.Rc3 Qb8
37.Rd3 Bf6 38.Rxd8 Qxd8 39.Nc5 Qd4 40.Ne4 Qa1+ 41.Kg2 Qxa2 42.Nd6 Qb2 43.Qf3  1-0